UM Logo

Preparedness and performance in Pshychiatric hospital of students in NCM 102/ (Record no. 2160)

MARC details
000 -LEADER
fixed length control field 00599nam a22001577a 4500
008 - FIXED-LENGTH DATA ELEMENTS--GENERAL INFORMATION
fixed length control field 160430b xxu||||| |||| 00| 0 eng d
082 ## - DEWEY DECIMAL CLASSIFICATION NUMBER
Edition number 2008
Classification number UT 0105
Item number L85
100 ## - MAIN ENTRY--PERSONAL NAME
9 (RLIN) 7033
Personal name Longakit, Rachelle Jane B.
245 ## - TITLE STATEMENT
Title Preparedness and performance in Pshychiatric hospital of students in NCM 102/
Statement of responsibility, etc. Rachelle Jane B. Longakit, Catherine C. Geverola and Johnry G. Nable.
260 ## - PUBLICATION, DISTRIBUTION, ETC. (IMPRINT)
Place of publication, distribution, etc. Digos City:
Name of publisher, distributor, etc. UMDC
Date of publication, distribution, etc. August 2008.
300 ## - PHYSICAL DESCRIPTION
Extent 45 pages;
Dimensions 28 cm.
650 #0 - SUBJECT ADDED ENTRY--TOPICAL TERM
9 (RLIN) 7030
Topical term or geographic name as entry element Nursing
General subdivision Undergraduate thesis.
700 ## - ADDED ENTRY--PERSONAL NAME
9 (RLIN) 7028
Personal name Geverola, Catherine C.
700 ## - ADDED ENTRY--PERSONAL NAME
9 (RLIN) 7029
Personal name Nable, Johnry G.
942 ## - ADDED ENTRY ELEMENTS (KOHA)
Source of classification or shelving scheme Dewey Decimal Classification
Koha item type Undergraduate Thesis
Holdings
Withdrawn status Lost status Source of classification or shelving scheme Damaged status Not for loan Collection code Home library Current library Date acquired Total Checkouts Full call number Barcode Date last seen Price effective from Koha item type
    Dewey Decimal Classification     Undergraduate Theses UM Digos College - LIC UM Digos College - LIC 04/30/2016   UT 0105 L85 2008 UT0105 04/30/2016 04/30/2016 Undergraduate Thesis